Normal view
MARC view
- الريماوي،احمد شكري/محمود علي سالم
Entry Personal Name
001 - CONTROL NUMBER
- control field: 31824
003 - CONTROL NUMBER IDENTIFIER
- control field: JO-AjAnu
005 - DATE AND TIME OF LATEST TRANSACTION
- control field: 20230606075344.0
008 - FIXED-LENGTH DATA ELEMENTS
- fixed length control field: 230606|| aca||aabn | a|a d
040 ## - CATALOGING SOURCE
- Original cataloging agency: JO-AjAnu
- Transcribing agency: JO-AjAnu
100 ## - HEADING--PERSONAL NAME
- Personal name: الريماوي،احمد شكري/محمود علي سالم
670 ## - SOURCE DATA FOUND
- Source citation: Work cat.: (JO-AjAnu)16341: الريماوي،احمد شكري/محمود علي سالم, author, مبادىء في النظرية الاقتصادية الجزئية